00000000nam##2200000za#4500
0019.678332
003CaOODSP
00520200804090841
007ta
008150407|1992||||xxc|||||     f|0| 0 fre|d
020 |a2-921114-75-5
040 |aCaOODSP|bfre
043 |an-cn---
0861 |aSA2-228/1991F
1102 |aArchives nationales du Canada.
24510|aTrésors des Archives nationales du Canada
260 |aSillery - Québec : |bArchives nationales du Canada |c1992.
300 |a367p. : |bill. (certaines en couleur) ; |c31 cm.
500 |aSommaire: La représentation graphique des eaux, de la terre et des structures: les documents cartographiques, architecturaux et techniques.--Le Canada vu par l'artiste: les oeuvres d'art documentaire.--Conception et production des timbres-poste: les documents philatéliques.--Le passé du Canada par ses documents officiels: les documents gouvernementaux.--Un passé riche et varié: manuscrits et archives privées.--La recherche de ses ancêtres: les documents généalogiques.--La technologie du XXe siècle: les images en mouvement et les enregistrements sonores.--L'album de famille canadien: les documents photographiques.--La conservation des documents historiques.--Index. Publié par Les éditions du Septentrion avec la collaboration des Archives nationales du Canada et du Groupe Communication Canada, Édition d'Approvisionnements et Services Canada. Également disponible aux Éditions du Septentrion. Données de catalogage avant publication (Canada) imprimées dans cette publication.
5203 |aCoédité avec les Éditions du Septentrion. Cette publication regroupe certains des documents les plus précieux du passé canadien. Les spécialistes de la recherche historique connaissent ces trésors depuis longtemps, du moins une partie entre eux. Ce livre est destiné à faire découvrir au grand public ces témoignages uniques et éloquents de notre histoire. Il nous rappelle que ces précieux trésors sont la propriété de tous les canadiens. Index. Illustrations en couleurs.
563 |aRelié toile
590 |a92-36|b1992-09-04
77508|tTreasures of the National Archives of Canada |w(CaOODSP)9.644495